000 00718nam a22002537a 4500
001 00260
003 DO-SdBNP
005 20180119124606.0
008 151117b 1990 sp xxu||||| |||| 00| 0 spa d
020 _a8440613121
040 _aBPMSU
_bspa
_cBPMSU
100 1 _aDelperdange, Patrick,
_d1960-
240 1 0 _aComme une bombe.
_lEspañol
245 1 0 _acomo una bomba /
_cDelperdange ; traducido por Sánchez Pascual.
260 _aBarcelona :
_bEdiciones B,
_c1990.
300 _a217 p. ;
_c18 cm.
490 1 _aVialibre
_v29
700 1 2 _aPascual, Sánchez,
_etr.
830 0 _aVialibre ;
_n29
910 _a00260
942 _2ddc
_cBK
945 _aInventariado, 2018/MFF
956 _aLorenza Pérez
_b10
999 _c8753
_d8753